00389nmm a2200133Ia 4500008004100000020001800041041000800059100001800067245001200085264006500097300001800162650002400180856005100204251105s9999||||xx |||||||||||||||||und|| a9781558851993 aeng aMartinez, Max 0aLayover a[Washington, Estados Unidos] :bArte Público Press, c2017 a298 páginas aThriller & Suspense uhttps://public.digitaliapublishing.com/a/46206